Los fundamentos de la Doctrina Islámica
Gespeichert in:
| 1. Verfasser: | |
|---|---|
| Format: | Buch |
| Sprache: | Spanisch |
| Veröffentlicht: |
Qom
Foundation of Islamic C.P.W
1981
|
| Schlagworte: | |
| Tags: |
Tag hinzufügen
Keine Tags, Fügen Sie den ersten Tag hinzu!
|
MARC
| LEADER | 00000nam a2200000 a 4500 | ||
|---|---|---|---|
| 001 | UCM0548 | ||
| 003 | CL-VaPUC | ||
| 008 | 020301e19810000ir |||||||||||||||||spa|d | ||
| 082 | 0 | 4 | |a 297.2 |b MUS |2 21 |
| 100 | |a Musavi Lari, Sayyid Mujtaba |e autor |9 539982 | ||
| 245 | 1 | 4 | |a Los fundamentos de la Doctrina Islámica |
| 300 | |a v | ||
| 942 | |c BK | ||
| 945 | |d 20020301 00:00:00 |a cmena | ||
| 260 | |a Qom |b Foundation of Islamic C.P.W |c 1981 | ||
| 650 | 0 | |a Islamismo |9 314084 | |
| 650 | 0 | |a Creencia Religiosa |9 316904 | |
| 650 | 7 | |a COMUNIDADES MUSULMANAS |2 CL-VaPUC |9 467407 | |
| 650 | 0 | |a Costumbres y tradiciones |9 268292 | |
| 650 | 0 | |a Escatología |9 314395 | |
| 650 | 0 | |a Ceremonias religiosas |9 337235 | |
| 999 | |c 299440 |d 299438 | ||
| 583 | |k Rodrigo Vera | ||
| 952 | |0 0 |1 0 |4 0 |6 297_200000000000000_MUS_1981 |7 0 |8 A |9 355974 |a BIBTEO |b BIBTEO |d 2019-11-21 |h v.1 |i 379170K |o 297.2 MUS 1981 |p 379170K |r 2025-01-17 |w 2019-11-21 |y BK |k ICR | ||
| 952 | |0 0 |1 0 |4 0 |6 297_200000000000000_MUS_1981 |7 0 |8 A |9 355975 |a BIBTEO |b BIBTEO |d 2019-11-21 |h v.2 |i 3791718 |o 297.2 MUS 1981 |p 3791718 |r 2025-01-17 |w 2019-11-21 |y BK |k ICR | ||
| 952 | |0 0 |1 0 |4 0 |6 297_200000000000000_MUS_1981 |7 0 |8 A |9 355976 |a BIBTEO |b BIBTEO |d 2019-11-21 |h v.3 |i 3791726 |o 297.2 MUS 1981 |p 3791726 |r 2025-01-17 |w 2019-11-21 |y BK |k ICR | ||
| 952 | |0 0 |1 0 |4 0 |6 297_200000000000000_MUS_1981 |7 0 |8 A |9 355977 |a BIBTEO |b BIBTEO |d 2019-11-21 |h v.1 |i 3696499 |o 297.2 MUS 1981 |p 3696499 |r 2025-01-17 |w 2019-11-21 |y BK |k ICR | ||
| 952 | |0 0 |1 0 |4 0 |6 297_200000000000000_MUS_1981 |7 0 |8 A |9 355978 |a BIBTEO |b BIBTEO |d 2019-11-21 |h v.2 |i 3696502 |o 297.2 MUS 1981 |p 3696502 |r 2025-01-17 |w 2019-11-21 |y BK |k ICR | ||
| 952 | |0 0 |1 0 |4 0 |6 297_200000000000000_MUS_1981 |7 0 |8 A |9 355979 |a BIBTEO |b BIBTEO |d 2019-11-21 |h v.3 |i 3696510 |o 297.2 MUS 1981 |p 3696510 |r 2025-01-17 |w 2019-11-21 |y BK |k ICR | ||
| 952 | |0 0 |1 0 |4 0 |6 297_200000000000000_MUS_1981 |7 0 |8 A |9 355980 |a BIBDER |b BIBDER |d 2019-11-21 |h v.1 |i 3905470 |o 297.2 MUS 1981 |p 3905470 |r 2023-01-25 |w 2019-11-21 |y BK |k DER | ||
| 952 | |0 0 |1 0 |4 0 |6 297_200000000000000_MUS_1981 |7 0 |8 A |9 355981 |a BIBDER |b BIBDER |d 2019-11-21 |h v.2 |i 3905489 |o 297.2 MUS 1981 |p 3905489 |r 2023-01-25 |w 2019-11-21 |y BK |k DER | ||
| 952 | |0 0 |1 0 |4 0 |6 297_200000000000000_MUS_1981 |7 0 |8 A |9 355982 |a BIBDER |b BIBDER |d 2019-11-21 |h v.3 |i 3905497 |o 297.2 MUS 1981 |p 3905497 |r 2023-01-25 |w 2019-11-21 |y BK |k DER | ||
| 952 | |0 0 |1 0 |4 0 |6 297_200000000000000_MUS_1981 |7 0 |8 A |9 355983 |a BIBTEO |b BIBTEO |d 2019-11-21 |h v.1 |i 4609344 |o 297.2 MUS 1981 |p 4609344 |r 2025-01-17 |w 2019-11-21 |y BK |k ICR | ||
| 952 | |0 0 |1 0 |4 0 |6 297_200000000000000_MUS_1981 |7 0 |8 A |9 355984 |a BIBTEO |b BIBTEO |d 2019-11-21 |h v.2 |i 4609352 |o 297.2 MUS 1981 |p 4609352 |r 2025-01-17 |w 2019-11-21 |y BK |k ICR | ||
| 952 | |0 0 |1 0 |4 0 |6 297_200000000000000_MUS_1981 |7 0 |8 A |9 355985 |a BIBTEO |b BIBTEO |d 2019-11-21 |h v.3 |i 4609360 |o 297.2 MUS 1981 |p 4609360 |r 2025-01-17 |w 2019-11-21 |y BK |k ICR | ||